000
00292pab a2200109 454500
008
180718b xxu||||| |||| 00| 0 eng d
100
_a
Sethumadhava Rao, P.H
245
_a
Interdisciplinary studies and higher education
650
_a
Education, Higher
773
_a
University News
909
_a
21527
999
_c
21527
_d
21527